[Event "28. Balaton Festival - GM II"]
[Site "Heviz HUN"]
[Date "2010.06.26"]
[Round "8.1"]
[White "Vajda, Levente"]
[Black "Meszaros, Tamas"]
[Result "1/2-1/2"]
[WhiteElo "2519"]
[BlackElo "2434"]
[PlyCount "37"]
[EventDate "2010.06.19"]
[EventType "tourn"]
[EventRounds "9"]
[EventCountry "HUN"]
[EventCategory "8"]
[Source "lmi"]
[SourceDate "2010.06.19"]

1. e4 e5 2. Nf3 Nc6 3. Bc4 Nf6 4. d3 Bc5 5. O-O a6 6. c3 Ba7 7. Bb3 d6 8. Nbd2
O-O 9. h3 h6 10. Re1 Nh5 11. Nf1 Qf6 12. Ne3 Nf4 13. Nd5 Nxd5 14. Bxd5 Ne7 15.
Bb3 Qg6 16. Kf1 Kh8 17. Nh4 Qf6 18. Nf3 Qg6 19. Nh4 1/2-1/2

[Event "28. Balaton Festival - GM II"]
[Site "Heviz HUN"]
[Date "2010.06.26"]
[Round "8.3"]
[White "Balog, Imre"]
[Black "Hoelzl, Franz"]
[Result "1/2-1/2"]
[WhiteElo "2494"]
[BlackElo "2325"]
[PlyCount "171"]
[EventDate "2010.06.19"]
[EventType "tourn"]
[EventRounds "9"]
[EventCountry "HUN"]
[EventCategory "8"]
[Source "lmi"]
[SourceDate "2010.06.19"]

1. c4 e6 2. Nf3 d5 3. b3 c5 4. Bb2 d4 5. g3 Nc6 6. Bg2 g6 7. O-O Bg7 8. a3 a5
9. e3 Nge7 10. exd4 O-O 11. Nc3 Nxd4 12. Rb1 Rb8 13. Ne4 b6 14. b4 f5 15. Neg5
h6 16. Nxd4 cxd4 17. Nf3 axb4 18. axb4 g5 19. Re1 Ng6 20. d3 g4 21. Nd2 h5 22.
c5 bxc5 23. bxc5 e5 24. Qa4 Qc7 25. Ba3 Rxb1 26. Rxb1 e4 27. dxe4 f4 28. Nc4 h4
29. c6 hxg3 30. fxg3 Rd8 31. Qa5 Qxa5 32. Nxa5 Be5 33. gxf4 Bxf4 34. Bf1 d3 35.
Nb7 Bxb7 36. cxb7 Kf7 37. Bc5 Ne5 38. Kg2 Rh8 39. Bg1 Nf3 40. Bxd3 Nxg1 41.
Kxg1 Bxh2+ 42. Kg2 Be5 43. Rb5 Kf6 44. Be2 Rh2+ 45. Kf1 Rh1+ 46. Kf2 g3+ 47.
Kf3 Rh8 48. Bf1 Bb8 49. Bg2 Rh7 50. Rb6+ Ke5 51. Kxg3 Kd4+ 52. Kf2 Rc7 53. Bf3
Rc2+ 54. Kf1 Rc3 55. Kg2 Ke3 56. Rb2 Kf4 57. Rf2 Rc7 58. Bh5+ Ke3 59. e5 Rxb7
60. e6 Rg7+ 61. Kf1 Bd6 62. Bf7 Kd4 63. Rf5 Rh7 64. Ke2 Ke4 65. Rb5 Rh2+ 66.
Kd1 Rh1+ 67. Kc2 Rh2+ 68. Kb3 Rh1 69. Rg5 Be7 70. Ra5 Rb1+ 71. Kc2 Rb7 72. Rh5
Kd4 73. Be8 Ra7 74. Bd7 Ra2+ 75. Kb3 Re2 76. Ka4 Re5 77. Rh7 Bd6 78. Rh1 Be7
79. Rd1+ Ke4 80. Rf1 Kd5 81. Kb5 Kd6+ 82. Kb6 Rd5 83. Kb7 Rd2 84. Rb1 Bf6 85.
Rh1 Ke7 86. Rh8 1/2-1/2